MDQL
is popping MORE tags! Check the
thread
!
Quizzes
Events
Quiz Creation
Community
Videos
Private Events
Remove Ads
Sign In
Join for FREE
Feedback
Dark Mode
Quiz Categories
Sports
Geography
Music
Movies
Television
Just For Fun
Miscellaneous
History
Literature
Language
Science
Gaming
Entertainment
Religion
Holiday
For Kids
Quiz Lab
Recent
Popular Today
Quiz Kudos Today
Editor Picks
Curator Picks
Quizzes by...
Day
Popularity
Type
Ratings
Length
Year
Community
Subscriptions
Recent Discussions
Orange Saloon
Badges
Playlists
Quests
Create
Leaderboards
Showdown
Live 5
Trivia Bingo
Activity
Puzzle Library
Sporcle Events
Private Events
Virtual Trivia
Globe League
Become a Host
Pub Owners
SporcleCon
Opinionation
Our Games
Videos
Blog
Mobile Apps
Partnerships
Remove Ads and Go Orange
Feedback
Television
TV Characters
TV Show
Sitcom
Network
Friends
Reality Shows
Cast
South Park
Star Trek
The Simpsons
Doctor Who
Television
TV Characters
TV Show
Sitcom
Network
Friends
Reality Shows
Cast
South Park
Star Trek
The Simpsons
Doctor Who
Random Quiz
Search Sporcle
×
Quiz Lab
Quiz Lab
Television
season
Type in answers that appear in a list
Type in answers that appear in a list
Classic
Best Score? Go Orange.
Big Brother America Season 7 All-Stars Stats
Can you name the Big Brother America Season 7 All-Stars?
By
baconwaffles
10m
14 Questions
364 Plays
364 Plays
364 Plays
Comments
Comments
Give Quiz Kudos
Give Quiz Kudos
-
- Ratings
hide this ad
Replay
Link that replays current quiz
Next Quiz
Link to next quiz in quiz playlist
You Got
0%
They Got
Avg Score
92%
Avg Friend Score
Upgrade to see
Score Distribution
Jump to the score distribution portion of the page
Score
0/14
Timer
10:00
0
Plays Today
Elimination Order
Person
% Correct
1st Place
Mike Boogie Malin
98.6%
4th Place
Will Kirby
98.4%
3rd Place
Janelle Pierzina
97.8%
8th Place
Howie Gordon
95.1%
5th Place
George Boswell
94.5%
2nd Place
Erika Landin
94.2%
6th Place
Danielle Reyes
93.7%
Elimination Order
Person
% Correct
7th Place
James Rhine
93.4%
12th Place
Jase Wirey
90.7%
14th Place
Alison Irwin
90.1%
10th Place
Kaysar Ridha
90.1%
13th Place
Nakomis
89.3%
11th Place
Diane Henry
88.2%
9th Place
Marcellas Reynolds
85.7%
Quiz Playlist
Details
Report
Send in Message
Add To Playlist
Classic:
Type in answers that appear in a list
Last Updated: Feb 16, 2017
Quiz Scoreboard
CHALLENGE
Sign Up to Join the Scoreboard
Show All
Scores
Hide
Comments
May contain spoilers
Recently Published
1-10 Letter E Words III
by El_Dandy
Language
2m
Street Fighter Characters
by Artimus82
Gaming
60s
College Basketball Coaching Resumes
by pancakes188
Sports
9m
More to Explore
Quiz From the Vault
Featured Blog Post
Where Did the Easter Bunny Come From?
hide this ad
You Might Also Like...
Tags
All-Star
America
Big Brother
Brother
elimination
Order
Person
season
Today's Top Quizzes in Television
Browse Television
hide this ad
Today's Top Quizzes in season
Browse season
Top Contributed Quizzes in Television
1
Survivor Journey Challenge
2
Adjectives in 80s TV Shows
3
Adjectives in 00s TV Shows
4
5-to-1: The Simpsons Families
5
Adjectives in 10s TV Shows
6
5-to-1: Television Doctors
7
7-to-1: TV Show Settings
8
Adjectives in 70s TV Shows
9
5-to-1: Streaming Originals
10
Survivor Seasons
Explore More
Trending Topics
Kpop
Anime
Harry Potter
Marvel
NBA
Disney
Crossword
WWE
Country
NFL
Song
The Office
Puzzle
Pokémon
Soccer
hide this ad
More By:
baconwaffles
Quiz
Plays
Rating
Category
Featured
Created
Biggest Football Rivalries In The UK
1,553
2.40
Sports
Aug 21, 2013
Big Brother UK (Channel 4&5)
899
5.00
Television
Aug 13, 2012
English Football Grounds
565
4.00
Sports
Nov 4, 2013
Celebrity Big Brother UK (Channel 4&5)
401
1.00
Television
Jun 7, 2012
Wwe matches rated 5 stars
388
2.00
Sports
Aug 22, 2013
Go to Creator's Profile
Score Distribution
Quiz Creator Spotlight
baconwaffles
Follow
Send a Message
Quizzes Created
-
Created Quiz Play Count
-
More By This Creator
Popular Quizzes Today
1
Find the US States - No Outlines Minefield
2
Find the Countries of Europe - No Outlines Minefield
3
The Countries of the World
4
Find the US States
5
Risky Map Clicking: Biggest States A-Z
6
US States
7
Popular People in 1961
8
Movies - When Are They Set?
More Television Quizzes
25 Years of Television Beginnings (1996-1972)
Published
Trending Quizzes
Risky Map Clicking: Least Populous States A-Z
1-10 Letter G Words
1-10 Letter F Words
Countries of the World: 200 Million BC
Risky Map Clicking: Next State Alphabetically
Recently Updated
Beyoncé Albums
pecheneg
Leaping Animals
pecheneg
Reality TV Shows (A-Z)
bhenderson79
Rickey Henderson's Hall of Fame Teammates
pecheneg
Champions League XIs: Arsenal
pecheneg
Quick Pick: Celebrities in WWE's Hall of Fame
aduchscher
A-Z Keypad Blitz II
pecheneg
Multiple Oscar Actors
pecheneg
Mystery Phrase Blitz: Oscar 'Best Actors'
pecheneg
F. Scott Fitzgerald Novels
LTH
Trending Topics
Marvel
Disney
Anime
Harry Potter
Kpop
NBA
Crossword
Song
Country
NFL
Soccer
The Office
WWE
Puzzle
Pokémon
Your Account Isn't Verified!
In order to create a playlist on Sporcle, you need to verify the email address you used during registration. Go to your
Sporcle Settings
to finish the process.
Report this User
Report this user for behavior that violates our
Community Guidelines
.
Details:
Send Report
Go to the Sporcle.com Mobile Site →
Comments